| 000 | 00501nam a2200157 4500 | ||
|---|---|---|---|
| 001 | 138469 | ||
| 003 | ES-MaACL | ||
| 005 | 20230906195554.0 | ||
| 007 | t| | ||
| 008 | 070214s1941 sp r ||||1| spa d | ||
| 100 | 1 |
_aSan Juan Llosá, Ricardo. _9102252 |
|
| 245 | 1 | 0 |
_aLecciones de Análisis Matemático _b: 2º curso / _cpor el Catedrático de la asignatura, R. San Juan. |
| 260 |
_aMadrid : _b[s. n.], _c1941 ( _fLit. I Diez) |
||
| 300 |
_a443 p. ; _c23 cm. |
||
| 852 |
_aES-MaACL _jB-10448 _bR.21888 |
||
| 999 |
_c138469 _d138469 |
||